Private papers of Senator Vandenberg (Record no. 416105)

000 -LEADER
fixed length control field 00537cam a22001457a 4500
008 - FIXED-LENGTH DATA ELEMENTS--GENERAL INFORMATION
fixed length control field 180718b1953 xxu||||| |||| 00| 0 eng d
082 ## - DEWEY DECIMAL CLASSIFICATION NUMBER
Classification number A99 V283p
245 ## - TITLE STATEMENT
Title Private papers of Senator Vandenberg
Statement of responsibility, etc. edited by Arthur H. Vandenberg and Joe Alex Morris
260 ## - PUBLICATION, DISTRIBUTION, ETC.
Place of publication, distribution, etc. London
Name of publisher, distributor, etc. Victor Gollancz
Date of publication, distribution, etc. 1953
300 ## - PHYSICAL DESCRIPTION
Extent xxii, 579p
650 ## - SUBJECT ADDED ENTRY--TOPICAL TERM
Topical term or geographic name entry element United State--Foreign relations -1945-1953 --Sources.
650 ## - SUBJECT ADDED ENTRY--TOPICAL TERM
Topical term or geographic name entry element United States -Politics and government -1945-1953 -Sources
700 ## - ADDED ENTRY--PERSONAL NAME
Personal name Morris, Joe Alex, ed
700 ## - ADDED ENTRY--PERSONAL NAME
Personal name Vandcenberg, Arthur H. ed
Holdings
Withdrawn status Lost status Damaged status Not for loan Permanent Location Current Location Date acquired Full call number Barcode Date last seen Price effective from Koha item type
        Indian Institute of Public Administration Indian Institute of Public Administration 2009-03-12 A99 V283p 10644 2018-07-21 2018-07-21 Book

Powered by Koha